[Event "ROM-ch U12"]
[Site "Calimanesti Caciulata"]
[Date "2019.04.16"]
[Round "2"]
[White "Finta, Alec Andrei"]
[Black "Rusnac, Mihai"]
[Result "0-1"]
[WhiteElo "1030"]
[BlackElo "1217"]
[PlyCount "58"]
[EventDate "2019.04.15"]
[EventType "swiss"]
[EventRounds "9"]
[EventCountry "ROU"]
[SourceTitle "CBM 190 Extra"]
[Source "ChessBase"]
[SourceDate "2019.07.15"]
[SourceVersion "1"]
[SourceVersionDate "2019.07.15"]
[SourceQuality "1"]

1. d4 d5 2. Nf3 Nf6 3. Nc3 e6 4. Bg5 Nbd7 5. e3 c5 6. Bb5 a6 7. Bxd7+ Bxd7 8. 0-0 h6 9. Bf4 Nh5 10. Ne5 Nxf4 11. exf4 Bd6 12. Re1 0-0 13. dxc5 Bxc5 14. Nxd5 Bxf2+ 15. Kxf2 exd5 16. Qxd5 Qb6+ 17. Kf1 Be6 18. Nc4 Qd8 19. Qe4 Bd5 20. Qd4 Bxg2+ 21. Kxg2 Qxd4 22. b3 Qxf4 23. Rf1 Qg4+ 24. Kh1 Rad8 25. Rae1 Rfe8 26. Ne5 Qh5 27. Rxf7 Qxf7 28. Nxf7 Rxe1+ 29. Kg2 Kxf7 0-1